000 01126nam a22002537a 4500
005 20080829101324.0
008 080829t xxu||||| |||| 00| d hin d
010 _aHIN-84127
020 _c35.00
035 _aHN-56473
037 _aDBAD / PUB
040 _aDPL
_bHN
082 _a822
100 _aगोर्की, मक्सिम
245 _aदुश्मनः
_cमक्सिम गोर्की
_b(नाटक) /
246 _aDushmana
_bby Maxim Gorky
260 _aलखनऊ
_bपरिकल्पना प्रकाशन
_c2004
270 _aजनचेतना, डी-68, निरालानगर
_bलखनऊ
_e226020
300 _a97पृ
_c22सेमी (अजिल्द)
650 _aरूसी नाटक
_xहिन्दी अनुवाद
_z20वीं सदी
650 _aRussian play
_xtranslations into Hindi
_z20th century
942 _2ddc
_cHN
_h822
_mमक्सिम
999 _c15225
_d15225